La sección de Manuscritos de la Biblioteca Nacional de Chile

Salvato in:
Dettagli Bibliografici
Autore principale: Thayer Ojeda, Tomás (Autore)
Natura: Libro
Lingua:spagnolo
inglese
Pubblicazione: Santiago Biblioteca Nacional de Chile 1921
Soggetti:
Tags: Aggiungi Tag
Nessun Tag, puoi essere il primo ad aggiungerne!!

MARC

LEADER 00000nam a2200000 a 4500
001 UCG7318
003 CL-VaPUC
008 110715e19210000CL |||||||||||||||||spa|d
041 0 7 |a spa  |2 CL-VaPUC 
041 0 7 |a eng  |2 CL-VaPUC 
082 0 4 |a 091  |b THA  |2 21 
100 0 |a Thayer Ojeda, Tomás  |e author  |9 507413 
245 1 3 |a La sección de Manuscritos de la Biblioteca Nacional de Chile 
300 |a 197 p 
942 |c BK 
945 |d 20110715 00:00:00  |a dcastane 
260 |a Santiago  |b Biblioteca Nacional de Chile  |c 1921 
650 0 |a Manuscritos   |9 313680 
650 0 |a Historia de Chile  |9 265473 
650 0 |a Catálogos  |9 256258 
650 7 |a DOCUMENTOS ESCRITOS  |2 CL-VaPUC  |9 558016 
583 |a last modification  |c 20110715 00:00:00  |k Rodrigo Vera 
999 |c 345344  |d 345342 
952 |0 0  |1 0  |4 0  |6 091_000000000000000_THA_1921  |7 0  |8 X  |9 443977  |a FDOBUD  |b FDOBUD  |d 2019-11-22  |i 4787404  |o 091 THA 1921  |p 4787404  |r 2019-11-22  |w 2019-11-22  |y BK_X  |k BUD